Principles of communications (Record no. 77300)

MARC details
000 -LEADER
fixed length control field 00737nam a2200181 a 4500
008 - FIXED-LENGTH DATA ELEMENTS--GENERAL INFORMATION
fixed length control field 120416s0000 ||||||||||||||||| || u
020 ## - INTERNATIONAL STANDARD BOOK NUMBER
International Standard Book Number 0471124966
050 ## - LIBRARY OF CONGRESS CALL NUMBER
Classification number TK 5102.5 Zie
100 ## - MAIN ENTRY--PERSONAL NAME
Personal name Ziemer, Rodger E
245 10 - TITLE STATEMENT
Title Principles of communications
246 ## -
-- systems, modulation, and noise
250 ## - EDITION STATEMENT
Edition statement 4th ed
260 ## - PUBLICATION, DISTRIBUTION, ETC.
Place of publication, distribution, etc. New York
Name of publisher, distributor, etc. John Wiley and Sons
Date of publication, distribution, etc. 1995
300 ## - PHYSICAL DESCRIPTION
Extent xii, 802p. : ill
350 ## -
-- 0.00
995 ## -
-- BINDERY (DAMAGED)
-- 0.00
-- 727631
-- CBU-MAIN LIBRARY (Kitwe)
-- 2
-- 26.95
-- TK 5102.5 Zie
-- DAMAGED
-- 025560
-- Main Library Open Access Collection
995 ## -
-- MAIN LIBRARY OPEN ACCESS
-- 0.00
-- 736257
-- CBU-MAIN LIBRARY (Kitwe)
-- 1
-- 26.95
-- TK 5102.5 Zie
-- 1
-- AVAILABLE
-- 025561
-- Main Library Open Access Collection
999 ## -
-- 77300
-- 77300
Holdings
Withdrawn status Lost status Source of classification or shelving scheme Damaged status Not for loan Permanent Location Current Location Shelving location Date acquired Total Checkouts Full call number Barcode Date last seen Copy number Price effective from Koha item type
          CBU-MAIN LIBRARY, KITWE. CBU-MAIN LIBRARY, KITWE.   04/25/2023   TK 5102.5 Zie 025560 04/25/2023 1 04/25/2023 MONOGRAPH
          CBU-MAIN LIBRARY, KITWE. CBU-MAIN LIBRARY, KITWE.   04/25/2023   TK 5102.5 Zie 025561 04/25/2023 2 04/25/2023 MONOGRAPH